Advancement in convergence of technologies / (Record no. 84453)

MARC details
000 -LEADER
fixed length control field 00617nam a22001937a 4500
005 - DATE AND TIME OF LATEST TRANSACTION
control field 20140801114936.0
010 ## - LCCN (DPL NO)
LC control number ENG-109971
020 ## - INTERNATIONAL STANDARD BOOK NUMBER
International Standard Book Number 9788184247053
Terms of availability 750.00
035 ## - SYSTEM CONTROL NUMBER
System control number EN-93504
037 ## - SOURCE OF ACQUISITION
Source of stock number/acquisition DBAD/PUB
245 ## - TITLE STATEMENT
Title Advancement in convergence of technologies /
Statement of responsibility, etc edited by S.M. Paul Khurana [and] Priti Singh
260 ## - PUBLICATION, DISTRIBUTION, ETC. (IMPRINT)
Place of publication, distribution, etc New Delhi
Name of publisher, distributor, etc Allied Publishers
Date of publication, distribution, etc 2011
270 ## - ADDRESS
Address 1/13-14, Asaf Ali Road
City New Delhi
Postal code 110002
300 ## - PHYSICAL DESCRIPTION
Extent xxii,552p. :
Dimensions 24cm(pbk)
Other physical details ill.
500 ## - GENERAL NOTE
General note Includes bibliographical references and index
700 ## - ADDED ENTRY--PERSONAL NAME
Personal name Khurana, S.M. Paul
700 ## - ADDED ENTRY--PERSONAL NAME
Personal name Singh, Priti
942 ## - ADDED ENTRY ELEMENTS (KOHA)
Source of classification or shelving scheme Dewey Decimal Classification
Item type English Books
Call number suffix ADV
Holdings
Withdrawn status Lost status Not for loan Collection code Home library Current library Date acquired Source of acquisition Cost, normal purchase price Full call number Barcode Copy number Cost, replacement price Koha item type
    Not For Loan Non-fiction D.B.Act.Division D.B.Act.Division 22/05/2014 DBAD/PUB 750.00 ADV EN-93504 1 750.00 English Books

© Delhi Public Library
Hit Counter
free hit counter